Statistiques concernant Buteurs en phase finale de la coupe du Monde 2022

Cliquez ici pour prendre le quiz!

Statistiques générales

  • Ce quiz a été pris 216 fois
  • Le résultat moyen est 33 sur 52

Statistiques - réponses

TourMatchScoreEquipeJoueur% Correct
FArgentine - France3-3FranceKylian Mbappe
99%
1/8France - Pologne2-0FranceKylian Mbappe
99%
FArgentine - France2-2FranceKylian Mbappe
99%
1/8France - Pologne3-0FranceKylian Mbappe
99%
FArgentine - France2-1FranceKylian Mbappe
99%
1/2Argentine - Croatie1-0ArgentineLionel Messi
98%
FArgentine - France1-0ArgentineLionel Messi
98%
1/4Pays-Bas - Argentine0-2ArgentineLionel Messi
98%
1/8Argentine - Australie1-0ArgentineLionel Messi
98%
FArgentine - France3-2ArgentineLionel Messi
98%
1/8France - Pologne1-0FranceOlivier Giroud
95%
1/4Angleterre - France1-2FranceOlivier Giroud
95%
1/4Angleterre - France1-1AngleterreHarry Kane
91%
1/8Angleterre - Sénégal2-0AngleterreHarry Kane
91%
1/4Croatie - Brésil0-1BrésilNeymar
90%
1/8Brésil - Corée du Sud2-0BrésilNeymar
90%
FArgentine - France2-0ArgentineAngel Di Maria
85%
1/2France - Maroc2-0FranceRandal Kolo-Muani
83%
1/2France - Maroc1-0FranceTheo Hernandez
82%
1/4Angleterre - France0-1FranceAurélien Tchouaméni
81%
1/8France - Pologne3-1PologneRobert Lewandowski
81%
1/8Argentine - Australie2-0ArgentineJulian Alvarez
76%
1/2Argentine - Croatie3-0ArgentineJulian Alvarez
76%
1/2Argentine - Croatie2-0ArgentineJulian Alvarez
76%
1/8Pays-Bas - Etats-Unis1-0Pays-BasMemphis Depay
72%
1/8Brésil - Corée du Sud3-0BrésilRicharlison
68%
1/8Portugal - Suisse5-1PortugalGonçalo Ramos
67%
1/8Portugal - Suisse1-0PortugalGonçalo Ramos
67%
1/8Portugal - Suisse3-0PortugalGonçalo Ramos
67%
1/8Angleterre - Sénégal3-0AngleterreBukayo Saka
59%
1/8Japon - Croatie1-1CroatieIvan Perisic
58%
1/8Brésil - Corée du Sud1-0BrésilVinicius
56%
1/4Pays-Bas - Argentine1-2Pays-BasWout Weghorst
55%
1/4Pays-Bas - Argentine2-2Pays-BasWout Weghorst
55%
1/8Brésil - Corée du Sud4-0BrésilLucas Paqueta
49%
1/8Portugal - Suisse6-1PortugalRafael Leão
48%
1/4Maroc - Portugal1-0MarocYoussef En-Nesyri
41%
1/4Pays-Bas - Argentine0-1ArgentineNahuel Molina
40%
1/8Argentine - Australie2-1CSC de l'ArgentineEnzo Fernandez
39%
1/8Pays-Bas - Etats-Unis3-1Pays-BasDenzel Dumfries
37%
PFCroatie - Maroc1-0CroatieJosko Gvardiol
33%
1/8Portugal - Suisse2-0PortugalPepe
32%
1/8Angleterre - Sénégal1-0AngleterreJordan Henderson
28%
1/8Pays-Bas - Etats-Unis2-0Pays-BasDaley Blind
26%
1/8Portugal - Suisse4-0PortugalRafael Guerreiro
24%
1/8Portugal - Suisse4-1SuisseManuel Akanji
23%
PFCroatie - Maroc2-1CroatieMislav Oršić
23%
PFCroatie - Maroc1-1MarocAchraf Dari
21%
1/4Croatie - Brésil1-1CroatieBruno Petkovic
20%
1/8Pays-Bas - Etats-Unis2-1Etats-UnisHaji Wright
11%
1/8Japon - Croatie1-0JaponDaizen Maeda
10%
1/8Brésil - Corée du Sud4-1Corée du SudPaik Seung-Ho
10%

Distribution des résultats

Percentile par nombre de réponses

% des personnes avec chaque résultat

Votre développement - résultats

Vous n’avez pas pris ce quiz